Normal view
MARC view
Entry Personal Name
001 - CONTROL NUMBER
- control field: 11782
003 - CONTROL NUMBER IDENTIFIER
- control field: BD-RjUL
005 - DATE AND TIME OF LATEST TRANSACTION
- control field: 20240215111503.0
008 - FIXED-LENGTH DATA ELEMENTS
- fixed length control field: 240215|| aca||aabn | a|a d
040 ## - CATALOGING SOURCE
- Original cataloging agency: BD-RjUL
- Transcribing agency: BD-RjUL
100 ## - HEADING--PERSONAL NAME
- Personal name: মাহমুদ, সুলতান,
- Dates associated with a name: ৯৭১-১০৩০
670 ## - SOURCE DATA FOUND
- Source citation: Work cat.: (BD-RjUL)83102: রহমান, সরদার আবদুর 11715, ইতিহাসের বিতর্কে গজনির সুলতান মাহমুদ ও ভারত অভিযান /, ২০২২